000 00962nam a22002777a 4500
999 _c15136
_d15136
003 MIRAKIL
005 20230104150713.0
008 230104b tu ||||| |||| 00| 0 tur d
040 _aTR-AnCHP
_btur
_cTR-AnCHP
041 _atur
082 _aBROŞÜR 613
110 _aCumhuriyet Halk Partisi (CHP)
245 _aBenim hakkım/
_cCumhuriyet Halk Partisi.
260 _aAnkara:
_bCHP,
_c2022.
300 _aktl.:
_c21 sm.
440 _aCumhuriyet Halk Partisi yayınları
_vBroşürler
610 _aCHP
_xİnsan hakları
_yÇözüm önerileri
610 _aCHP
_xProgramlar, 2022
_yİnsan hakları politikaları
610 _aCHP
_xKadın hakları
610 0 _aCumhuriyet Halk Partisi (CHP)
_xEngelli hakları
_95196
610 0 _aCumhuriyet Halk Partisi (CHP)
_xEmekli hakları
_95196
610 0 _aCumhuriyet Halk Partisi (CHP)
_xÖğrenci hakları
_95196
651 _aTürkiye
_xSiyaset ve yönetim
_y2022
942 _2ddc
_cVIS